01013nam a22002537a 4500003000500000005001700005008004100022010001000063011001000073035001100083040000900094100004200103245020100145260004000346300004100386502010900427530003600536650002300572650003300595650002500628650002200653650002000675856006400695CHAP20220329143601.0100722s2010 mx r 00010 spa d a98862 a99834 a110520 cCHAP1 aMartínez Jacinto, Nicolas Gregorio.10aTransmisión transovarica del nucleopoliedrovirus (SfMNPV - NIC) en Spodoptera frugiperda (J. E. Smith) (LEP.: Noctuidae) bajo condiciones de laboratorioc/por Nicolas Gregorio Martínez Jacinto aChapingo, Méx. :bEl autor,c2010 ax, 78 h. :bilus., cuadros, gráfs. aTesis (Ing. Agr. Esp. en Parasitología Agrícola) -- UACH. Departamento de Parasitología Agrícola aTambién disponible en línea14aCiclo biológico.14aGusano cogollero del maíz.14aInsectosxCría de.14aInsectosxLarvas.14aMaízxPlagas. 3Finding aiduhttp://10.13.5.2/tesis/110520.pdfzTeclea aqui